EQUIPE CYCLISTE COMPLETE UAE TEAM EMIRATES XRG 2026 - Statistiques

Statistiques générales
  • Ce quiz a été pris 28 fois
  • Le résultat moyen est 18 sur 30
Statistiques - réponses
PAYS NOM % Correct
SLOVENIE POGACAR TADEJ
100%
PORTUGAL ALMEIDA JOAO
94%
MEXIQUE DEL TORO ISAAC
94%
USA MCNULTY BRANDON
88%
ROYAUME UNI YATES ADAM
88%
FRANCE COSNEFROY BENOIT
81%
ALLEMAGNE POLITT NILS
81%
EQUATEUR NARVAEZ JHONATAN
75%
FRANCE SIVAKOV PAVEL
75%
BELGIQUE WELLENS TIM
75%
PORTUGAL OLIVEIRA IVO
69%
PORTUGAL OLIVEIRA RUI
69%
ESPAGNE ARRIETA IGOR
63%
SUISSE CHRISTEN JAN
63%
AUTRICHE GROSSCHARTNER FELIX
63%
SLOVENIE NOVAK DOMEN
63%
DANEMARK BJERG MIKKEL
56%
COLOMBIE MOLANO JUAN SEBASTIAN
56%
ESPAGNE SOLER MARC
50%
ITALIE BARONCINI FILIPPO
44%
NORVEGE LAENGEN VEGARD STAKE
44%
ESPAGNE TORRES PABLO
44%
PORTUGAL MORGADO ANTONIO
38%
BELGIQUE VERMEERSCH FLORIAN
38%
AUSTRALIE VINE JAY
38%
BELGIQUE HERREGODTS RUNE
31%
DANEMARK JOHANSEN JULIUS
31%
ESPAGNE PERICAS ARIA
25%
USA VERMAERKE KEVIN
25%
ITALIE GIAMI LUCA
6%
Aucun quiz correspondant
Distribution des résultats
% des personnes avec chaque résultat
Percentile par nombre de réponses
Votre historique - résultats
Vous n’avez pas pris ce quiz